000 00578nam a2200205Ia 4500
005 20250508165705.0
008 008 250505s9999 xx 000 0 eng d
020 _a978-0-19-437213-8
037 _aTextBook
040 _aFEDL
_beng
_cFEDL
041 _aeng
_2eng
084 _a418.007 1, ELL/R
_qFEDL
100 _aEllis Rod
245 0 _aTask- based language learning and teaching
260 _aNew York, USA
_bOxford University Press
_c2014
300 _ax,387p.
365 _aINR
_b980
942 _cTB
_h418.007 1, ELL/R
999 _c1396777
_d1396777